Statistics for Emilia Clarke Movies!

Click here to take the quiz!

General Stats

  • This quiz has been taken 3 times
  • The average score is 1 of 12

Answer Stats

HintAnswer% Correct
2016Me Before You
67%
2019Last Christmas
33%
2015Terminator: Genisys
33%
2019Above Suspicion
0%
2013Dom Hemingway
0%
TBDMcCarthy
0%
2018Solo: A Star Wars Story
0%
2012Spike Island
0%
2022The Amazing Maurice
0%
2023The Pod Generation
0%
2010Triassic Attack
0%
2017Voice From the Stone
0%

Score Distribution

Percentile by Number Answered

Percent of People with Each Score

Your Score History

You have not taken this quiz